[Event "Bad Woerishofen op"]
[Site "Bad Woerishofen"]
[Date "2001.??.??"]
[Round "4"]
[White "Sakkal, Cherin"]
[Black "Seifert, Dierk"]
[Result "0-1"]
[WhiteElo "1884"]
[BlackElo "2168"]
[Annotator "ChessOrg"]
[PlyCount "70"]
[EventDate "1998.03.05"]
[Source "ChessBase"]
[SourceDate "1998.04.29"]

1. e4 {C18: Franzoesische Verteidigung (Nimzowitsch-Variante)} 1... e6 2. d4 d5
3. Nc3 Bb4 4. e5 Ne7 5. a3 Bxc3+ 6. bxc3 c5 7. h4 7... Bd7 {letzter Buchzug} 8.
h5 h6 9. Qg4 Qc7 (9... Qa5 10. Bd2 O-O 11. c4 $11) 10. Bd2 (10. Qxg7 Rg8 11.
Qxh6 11... cxd4 $16) 10... cxd4 (10... Nf5 11. Rb1 $11) 11. cxd4 Qxc2 12. Rh3 (
12. Qxg7 $5 $142 12... Rh7 13. Qg3 Qe4+ 14. Ne2 $14) 12... Qe4+ $17 13. Qxe4
dxe4 14. Rb1 b6 15. Ne2 Bc6 (15... O-O 16. g4 $11) 16. Rc1 $11 16... Kd7 17.
Bb4 Nd5 18. Bd6 Bb7 19. g4 (19. Rh4 19... Na6 $15) 19... Nc6 20. Bg2 Rac8 21.
Bxe4 Na5 22. Rxc8 Rxc8 (22... Bxc8 $6 23. Rf3 Ke8 24. Nc3 $14) (22... Kxc8 $143
23. Rf3 f6 24. exf6 Nxf6 25. Bxb7+ Kxb7 26. Be5 $14) 23. Bxd5 Bxd5 (23... exd5
24. Rf3 Ke8 25. g5 hxg5 26. e6 fxe6 27. Bb4 $17) 24. Rc3 (24. Nf4 $5 $17) 24...
Nc4 $19 25. f4 Nxd6 26. exd6 Rxc3 27. Nxc3 Bf3 28. g5 hxg5 29. fxg5 Bxh5 (29...
Kxd6 $4 30. h6 gxh6 31. gxh6 $18) 30. Nb5 Bf3 (30... a5 31. d5 $19) 31. Nxa7
Bc6 32. Kd2 Kxd6 33. Nc8+ (33. Kc3 $19 $142) 33... Kc7 34. Ne7 Kd7 35. Ng8 (35.
Nxc6 Kxc6 36. Ke3 36... Kd5 $19) 35... Ke8 (35... Ke8 36. Ke3 36... Kf8 $19)
0-1

[Event "Bad Woerishofen op"]
[Site "Bad Woerishofen"]
[Date "2001.??.??"]
[Round "6"]
[White "Sakkal, Cherin"]
[Black "Kaufmann, Guenther"]
[Result "1-0"]
[WhiteElo "1884"]
[BlackElo "1643"]
[Annotator "ChessOrg"]
[PlyCount "35"]
[EventDate "1998.03.05"]
[Source "ChessBase"]
[SourceDate "1998.04.29"]

1. e4 {B35: Sizilianisch (Beschleunigtes Fianchetto)} 1... c5 2. Nf3 Nc6 3. d4
cxd4 4. Nxd4 g6 5. Nc3 Bg7 6. Be3 Nf6 7. Bc4 Qa5 8. O-O O-O 9. Bb3 d6 10. h3
Bd7 11. f4 11... Nxe4 {letzter Buchzug} 12. Nxe4 Rac8 13. Nc3 a6 (13... Qc5 14.
Nce2 $18) 14. Nd5 Qd8 15. c3 e6 16. Nxc6 Rxc6 (16... Bxc6 17. Nb6 17... Rb8 $18
) 17. Nb4 Rc8 18. Qxd6 (18. Qxd6 Bb5 19. Rfd1 $18) 1-0

[Event "Bad Woerishofen op"]
[Site "Bad Woerishofen"]
[Date "2001.??.??"]
[Round "8"]
[White "Sakkal, Cherin"]
[Black "Doell, Detlef"]
[Result "1-0"]
[WhiteElo "1884"]
[BlackElo "2123"]
[Annotator "ChessOrg"]
[PlyCount "35"]
[EventDate "1998.03.05"]
[Source "ChessBase"]
[SourceDate "1998.04.29"]

1. e4 {B88: Sizilianisch (Sosin-Angriff)} 1... c5 2. Nf3 d6 3. d4 cxd4 4. Nxd4
Nf6 5. Nc3 a6 6. Bc4 e6 7. Bb3 Nc6 8. f4 Na5 9. Be3 Qc7 10. O-O Be7 11. Qf3
11... O-O {letzter Buchzug} 12. g4 Nc4 (12... e5 13. Nf5 Bxf5 14. gxf5 $11) 13.
Bxc4 $11 13... Qxc4 14. g5 Nd7 15. Qg3 f5 (15... b5 16. f5 Kh8 17. a3 $11) 16.
exf5 exf5 17. Qf3 17... Nc5 $4 (17... Bd8 $14 $142) 18. Nd5 $18 (18. Nd5 Bd8
19. b3 Qxf1+ 20. Rxf1 $18) 1-0

[Event "Bad Woerishofen op"]
[Site "Bad Woerishofen"]
[Date "2001.??.??"]
[Round "2"]
[White "Sakowski, Christian"]
[Black "Doell, Detlef"]
[Result "0-1"]
[WhiteElo "1713"]
[BlackElo "2123"]
[Annotator "ChessOrg"]
[PlyCount "54"]
[EventDate "1998.03.05"]
[Source "ChessBase"]
[SourceDate "1998.04.29"]

1. Nf3 {E90: Koenigsindisch (Klassisches System)} 1... Nf6 2. d4 g6 3. c4 Bg7
4. Nc3 O-O 5. e4 d6 6. Be3 e5 7. d5 a5 8. Be2 Na6 9. Nd2 9... Ne8 {
letzter Buchzug} 10. O-O f5 11. exf5 gxf5 12. f4 b6 13. Rb1 Nc5 14. fxe5 dxe5
15. Bxc5 bxc5 16. Na4 e4 17. Nb3 Be5 18. Qe1 Qg5 (18... Qd6 $5 19. Qh4 Bd4+ 20.
Kh1 20... Bd7 $11) 19. Nbxc5 $16 (19. Naxc5 $2 19... Qh6 20. g3 20... a4 $19) (
19. Nxa5 $143 19... Qe3+ 20. Kh1 20... Bd7 $17) 19... Rf6 20. Nxe4 $4 (20. Qf2
$16 $142) 20... fxe4 $17 21. Rxf6 Nxf6 22. Rd1 (22. Kh1 Bg4 23. Nc3 23... e3
$19) 22... Bh3 23. g3 Rf8 24. Qd2 e3 25. Qe1 Ne4 26. Nc3 (26. Bf3 Rxf3 27. Qe2
Rf2 28. Qf3 Rxf3 29. c5 e2 30. Re1 Rf1+ 31. Rxf1 exf1=Q#) 26... Nxg3 $1 27.
hxg3 (27. Qxg3 Bxg3) 27... Bxg3 (27... Bxg3 28. Kh1 Bxe1 29. Bf3 Rxf3 30. Rd2
Rf1+ 31. Kh2 Qg3#) (27... Qxg3+ $6 28. Qxg3+ Bxg3 29. c5 $11) 0-1

[Event "Bad Woerishofen op"]
[Site "Bad Woerishofen"]
[Date "2001.??.??"]
[Round "4"]
[White "Sakowski, Christian"]
[Black "Schmidt, Volker"]
[Result "1/2-1/2"]
[WhiteElo "1713"]
[BlackElo "2000"]
[Annotator "ChessOrg"]
[PlyCount "45"]
[EventDate "1998.03.05"]
[Source "ChessBase"]
[SourceDate "1998.04.29"]

1. d4 {D03: Damenbauernspiele} 1... Nf6 2. Nf3 g6 3. Bg5 Bg7 4. c3 O-O 5. Nbd2
d5 6. e3 b6 7. Bxf6 {letzter Buchzug} 7... Bxf6 8. Bd3 Ba6 9. Qc2 Bxd3 10. Qxd3
Nd7 11. O-O c5 12. Rfe1 cxd4 13. cxd4 e6 14. Rac1 Rc8 15. Nb3 Nb8 16. Rxc8 Qxc8
17. Rc1 Qd7 18. Qc3 Rd8 19. Rc2 Qb7 20. Nc1 Rd6 21. Qc8+ Qxc8 22. Rxc8+ Rd8 23.
Rxd8+ 1/2-1/2

[Event "Bad Woerishofen op"]
[Site "Bad Woerishofen"]
[Date "2001.??.??"]
[Round "6"]
[White "Sakowski, Christian"]
[Black "Klein, Reinhard"]
[Result "0-1"]
[WhiteElo "1713"]
[BlackElo "1602"]
[Annotator "ChessOrg"]
[PlyCount "104"]
[EventDate "1998.03.05"]
[Source "ChessBase"]
[SourceDate "1998.04.29"]

1. d4 {D03: Damenbauernspiele} 1... Nf6 2. Nf3 g6 3. Bg5 Bg7 4. Nbd2 d5 5. e3
O-O 6. Bd3 6... b6 {letzter Buchzug} 7. Rc1 h6 8. Bxf6 Bxf6 9. O-O (9. c4 9...
Bb7 $14) 9... Nd7 (9... c5 10. c3 $11) 10. e4 e5 11. Nb3 (11. c3 11... Bb7 $11)
11... Bb7 12. exd5 exd4 13. Bc4 Ne5 14. Nxe5 Bxe5 15. f4 Bg7 16. Qf3 Re8 17.
Rfe1 Rc8 18. Rxe8+ Qxe8 19. Rd1 c5 20. dxc6 Bxc6 (20... Rxc6 $143 21. Bd5 $16)
21. Qe2 Qxe2 22. Bxe2 Be4 23. Nxd4 Bxc2 24. Rd2 Be4 25. Nf3 Bf8 26. a3 (26. Kf2
$5 $11 $142) 26... Bc5+ $17 27. Kf1 Be3 28. Rd1 Rc1 29. Ke1 Bxf4 30. Kf2 (30.
g3 $5 30... Rxd1+ 31. Kxd1 $17) 30... Rxd1 $19 31. Bxd1 Bc1 32. b3 Bxa3 33. Ke3
f5 34. Kd4 Bd6 35. h3 Bg3 36. Kc4 a6 37. Be2 g5 38. Kd4 Bb7 39. Bc4+ Kg7 40.
Be2 (40. Bd5 40... Bc8 $19) 40... Kf6 41. Bc4 Bf2+ 42. Kc3 a5 (42... g4 $5 43.
hxg4 fxg4 44. Nd2 Bxg2 45. Kd3 $19) 43. Bf1 h5 44. Nd2 f4 45. Nf3 g4 46. hxg4
hxg4 47. Nd2 Kg5 (47... Be1 48. Kd3 $19) 48. Kc2 (48. Nc4 48... Bc5 $19) 48...
Kh4 49. Kd1 (49. Kd3 49... Bc5 $19) 49... Kg3 50. Nc4 Bxg2 51. Bxg2 Kxg2 52.
Ne5 g3 (52... g3 53. Ke2 53... Bc5 $19) 0-1

[Event "Bad Woerishofen op"]
[Site "Bad Woerishofen"]
[Date "2001.??.??"]
[Round "8"]
[White "Sakowski, Christian"]
[Black "Antoniacci, Riccardo"]
[Result "1/2-1/2"]
[WhiteElo "1713"]
[BlackElo "2052"]
[Annotator "ChessOrg"]
[PlyCount "84"]
[EventDate "1998.03.05"]
[Source "ChessBase"]
[SourceDate "1998.04.29"]

1. d4 {D24: Angenommenes Damengambit} 1... Nf6 2. Nf3 d5 3. c4 dxc4 4. Nc3 c5
5. Qa4+ {letzter Buchzug} 5... Nc6 (5... Bd7 $5 6. Qxc4 cxd4 7. Nxd4 7... e5
$11) 6. dxc5 $14 6... e6 7. Qxc4 Qa5 8. Bf4 (8. Bg5 $14) 8... Nd5 (8... Bxc5 $5
$142 9. e3 9... Nd5 $11) 9. Bd6 $16 9... Nxc3 10. Qxc3 Qxc3+ 11. bxc3 Bd7 12.
e3 f6 13. Nd4 Bxd6 14. cxd6 Nxd4 15. exd4 Bc6 16. f3 O-O-O 17. d7+ Rxd7 18. Bc4
Bd5 19. Bb3 Rc7 20. Bxd5 exd5 21. Kd2 Kd7 22. Rhe1 Rhc8 23. Re3 b5 24. Rae1 Kc6
25. Re6+ Kb7 26. Re7 a6 27. R1e6 Rxe7 28. Rxe7+ Rc7 29. Re6 Rd7 (29... Rc4 30.
h4 $11) 30. Kc2 (30. g4 30... a5 $14) 30... a5 (30... Rc7 $5 $11) 31. Kb3 $14
31... Rc7 32. a3 (32. Rd6 $5 $16 $142) 32... Rc6 $11 33. Re7+ Rc7 34. Rxc7+ (
34. Re8 34... Kb6 $11) 34... Kxc7 $15 35. Kc2 Kc6 36. Kd3 Kb6 37. g3 Kc6 38. f4
f5 39. h3 h5 40. Kc2 h4 41. gxh4 g6 42. Kd3 Kb6 1/2-1/2

[Event "Bad Woerishofen op"]
[Site "?"]
[Date "2001.??.??"]
[Round "1"]
[White "Salvermoser, Bernd"]
[Black "Sakkal, Cherin"]
[Result "0-1"]
[WhiteElo "2275"]
[BlackElo "1884"]
[Annotator "ChessOrg"]
[PlyCount "60"]
[EventDate "2000.??.??"]

1. d4 {D36: Damengambit (Abtauschvariante)} 1... d5 2. c4 e6 3. Nc3 Nf6 4. cxd5
exd5 5. Bg5 c6 6. Qc2 Be7 7. e3 O-O 8. Bd3 Nbd7 9. Nf3 Re8 10. O-O Nf8 11. Bxf6
Bxf6 12. b4 Be7 13. b5 13... Bd6 {letzter Buchzug} 14. bxc6 bxc6 15. Ne2 Qf6 (
15... Bg4 16. Qxc6 Re6 17. Qb5 $15) 16. Ng3 (16. Qxc6 $4 16... Bxh2+ 17. Nxh2
17... Qxc6 $19) 16... Bd7 17. Nf5 Bxf5 18. Bxf5 Rab8 19. Rfc1 (19. Qxc6 $4
19... Bxh2+ 20. Nxh2 20... Qxc6 $19 (20... Qxf5 $6 21. Rac1 $15)) 19... Rb6 20.
Bd3 Reb8 21. Qa4 g5 22. h3 (22. Rxc6 $4 22... Rxc6 23. h3 23... Rc7 $19) 22...
h5 23. Rab1 (23. Rxc6 $4 23... Rxc6 24. Qxa7 24... Rc3 $19) 23... Rb2 (23... g4
$5 $142 24. Rxb6 Rxb6 25. hxg4 25... hxg4 $11) 24. Rxb2 $16 (24. Qxc6 $2 24...
Rxb1 25. Bxb1 25... Rxb1 $19) 24... Rxb2 25. Rxc6 (25. Qxc6 $6 25... g4 26. Qc3
26... Rxa2 $15) 25... g4 26. Qa6 $4 (26. hxg4 hxg4 27. Qa6 $16) 26... gxf3 $19
27. Rxd6 Qh4 28. g3 (28. Bh7+ Nxh7 29. Qf1 $19) 28... Qxh3 29. Bh7+ Kxh7 30.
Qf1 (30. Rh6+ Kg8 31. Rh8+ Kxh8 32. Qf6+ Kg8 33. Qg5+ Ng6 34. Qd8+ Kh7 35. Qg8+
Kxg8 36. a4 Qg2#) 30... Qxf1+ (30... Qxf1+ 31. Kxf1 Rb1#) 0-1

[Event "Bad Woerishofen op"]
[Site "Bad Woerishofen"]
[Date "2001.??.??"]
[Round "3"]
[White "Salvermoser, Bernd"]
[Black "Minnaar, Michelle"]
[Result "1-0"]
[WhiteElo "2275"]
[BlackElo "2029"]
[Annotator "ChessOrg"]
[PlyCount "63"]
[EventDate "1998.03.05"]
[Source "ChessBase"]
[SourceDate "1998.04.29"]

1. d4 {A55: Altindisch} 1... Nf6 2. c4 d6 3. Nc3 Nbd7 4. e4 e5 5. Nf3 c6 6. Be2
Be7 7. O-O O-O 8. h3 a6 9. b4 {letzter Buchzug} 9... b5 (9... d5 10. exd5 (10.
Nxe5 $143 10... Bxb4 (10... dxe4 $143 11. a3 $11) 11. Nxd7 11... Bxd7 $15)
10... Bxb4 11. Bb2 $11) 10. a4 bxc4 11. Bxc4 Bb7 12. Qb3 (12. Bb2 Nb6 13. Bd3
exd4 14. Nxd4 c5 15. bxc5 15... dxc5 $11) 12... h6 (12... exd4 $5 $142 13. Nxd4
13... c5 $11) 13. Rd1 Qc7 14. Ba3 Nb6 15. Bd3 Rab8 16. Rac1 Rfc8 17. a5 Nbd7
18. Bc4 Rf8 19. b5 $1 19... Qxa5 (19... cxb5 20. Nxb5) 20. dxe5 $14 20... cxb5
21. Bxf7+ (21. exf6 bxc4 22. Qa4 Qxa4 23. Nxa4 23... Nxf6 $15 (23... Bxf6 $143
24. Bxd6 Bxe4 25. Bxb8 Nxb8 26. Rxc4 Bxf3 27. gxf3 $14)) 21... Rxf7 22. e6 Rff8
23. exd7+ Kh7 24. Bxd6 Bxd6 25. Rxd6 b4 26. Nd5 26... Nxe4 $4 (26... Nxd5 $142
27. exd5 27... Qd8 $16) 27. Qd3 $18 27... Bxd5 28. Rxd5 (28. Qxd5 $143 28...
Qxd5 29. Rxd5 29... b3 $15) 28... Qa3 29. Qxe4+ Kg8 (29... Kh8 30. Rcd1 Rbd8
31. Ne5 $18) 30. Qe6+ Kh7 31. Rcd1 Rfd8 (31... Qb3 32. Qe4+ Kg8 33. d8=Q Qxd1+
34. Rxd1 Rfxd8 35. Rxd8+ Rxd8 36. Qxb4 $18) 32. Rh5 (32. Rh5 Qxf3 33. gxf3 $18)
1-0

[Event "Bad Woerishofen op"]
[Site "Bad Woerishofen"]
[Date "2001.??.??"]
[Round "5"]
[White "Salvermoser, Bernd"]
[Black "Puth, Dieter"]
[Result "0-1"]
[WhiteElo "2275"]
[BlackElo "2185"]
[Annotator "ChessOrg"]
[PlyCount "130"]
[EventDate "1998.03.05"]
[Source "ChessBase"]
[SourceDate "1998.04.29"]

1. d4 {D83: Gruenfeld-Verteidigung (4.Lf4)} 1... Nf6 2. c4 g6 3. Nc3 d5 4. Bf4
Bg7 5. e3 O-O 6. b4 {letzter Buchzug} 6... c6 7. Qb3 Nbd7 (7... Be6 $5 $11) 8.
cxd5 $14 8... cxd5 9. Nf3 (9. Nxd5 $5 9... Nxd5 10. Qxd5 $16) 9... a5 10. b5 a4
11. Qb4 Nb6 12. h3 Nfd7 13. Be2 Re8 14. Rd1 Bf8 15. Qb1 Nf6 16. g4 Be6 17. Ne5
Rc8 18. Qb4 Ne4 19. Nb1 (19. Rc1 $5 $15) 19... f6 $17 20. Nd3 (20. Nf3 $5 $17)
20... Bf7 21. Qb2 Nc4 22. Qa1 Qa5+ 23. Kf1 Qxb5 24. f3 (24. Kg2 24... Bg7 $19)
24... Ned6 (24... e5 25. fxe4 exf4 26. Nxf4 Nxe3+ 27. Kf2 Nxd1+ 28. Rxd1 28...
Rc2 $19) 25. Nc5 $4 (25. Kf2 $19 $142) 25... Qc6 (25... e5 $5 26. Na3 Qc6 27.
Nxc4 Nxc4 28. Bxc4 exf4 29. Be2 Bxc5 30. dxc5 fxe3 31. Rb1 Qxc5 32. Qxf6 $19)
26. Kf2 e5 27. Bg3 27... Nxe3 $1 28. Rc1 (28. Kxe3 28... exd4+ $19) 28... Nec4
29. Nd3 Qb6 30. Rhd1 (30. Bd1 Bh6 31. Bxa4 Bxc1 32. Rxc1 32... Nb2 $19) 30...
Nb5 (30... Bh6 31. f4 $19) 31. Ke1 (31. Nc5 Rxc5 32. dxc5 Bxc5+ 33. Kg2 Ne3+
34. Kh2 Nxd1 35. Bxd1 Bg1+ 36. Kg2 36... Bd4 $19) 31... Nxd4 32. Bf2 Qa5+ 33.
Qc3 Nxe2 34. Qxa5 Nxa5 35. Kxe2 d4 (35... e4 36. Nb2 Rxc1 37. Rxc1 $19) 36. Nd2
Bxa2 37. Ra1 Bd5 (37... Rc2 $5 $142 38. Rac1 Rxc1 39. Rxc1 $19) 38. Rxa4 b6 39.
Rb1 Re6 40. Ne4 Rc2+ 41. Kd1 Ra2 42. Rxa2 Bxa2 43. Rc1 f5 44. gxf5 gxf5 45. Ng3
Bd5 46. Ke2 Bc4 47. Rg1 (47. Nxf5 e4 48. Rxc4 Nxc4 (48... exd3+ $6 49. Kxd3
Nxc4 50. Kxc4 $19) 49. fxe4 Rxe4+ 50. Kf3 Nd2+ 51. Kg2 51... Bc5 $19) 47... e4
(47... Kf7 $5 48. Nxf5 e4 49. fxe4 Rxe4+ 50. Kf3 Bxd3 51. Rd1 $19) 48. fxe4 Kf7
(48... fxe4 $143 49. Nxe4+ Bg7 50. Rxg7+ Kxg7 51. Bxd4+ Kg6 52. Ke3 $19) 49. e5
(49. Kf3 Bxd3 50. exf5 50... Rh6 $19) 49... Nb3 (49... f4 50. Rf1 Ke8 51. Rb1
fxg3 52. Bxg3 $19) 50. Bxd4 (50. Rd1 Rxe5+ 51. Kf3 Bd5+ 52. Kf4 52... Ke6 $19)
50... Nxd4+ 51. Ke3 Nc6 (51... Nc2+ $5 52. Kd2 Bxd3 53. Kxd3 Nb4+ 54. Kd2 Rxe5
55. Rf1 $19) 52. Nxf5 Nxe5 53. Nxe5+ Rxe5+ 54. Kf4 (54. Kd4 Rxf5 55. Kxc4 b5+
56. Kd4 Bc5+ 57. Ke4 Bxg1 58. Kxf5 58... b4 $19) 54... Rc5 (54... Kf6 $5 55.
Ng3 Bh6+ 56. Kf3 Bd5+ 57. Kg4 $19) 55. Rd1 Be6 56. Nd6+ Bxd6+ (56... Ke7 57.
Ne4 Rf5+ 58. Kg3 $19) 57. Rxd6 b5 58. h4 Kf6 (58... Rc4+ 59. Ke5 Rxh4 60. Rb6
Rh5+ 61. Kf4 $19) 59. Rb6 Rc4+ 60. Ke3 b4 61. h5 Rh4 62. Kf3 (62. Rb5 62... b3
$19) 62... b3 63. Rb5 Rh2 64. Kg3 Rd2 (64... Ra2 $5 $142 65. Kf4 b2 66. Rb4 $19
) 65. Kf3 (65. Kf4 Rd5 66. Rb8 Rxh5 67. Rf8+ 67... Bf7 $19) 65... b2 (65... b2
66. Ke3 66... Rh2 $19) 0-1

[Event "Bad Woerishofen op"]
[Site "Bad Woerishofen"]
[Date "2001.??.??"]
[Round "7"]
[White "Salvermoser, Bernd"]
[Black "Pflug, Matthias"]
[Result "0-1"]
[WhiteElo "2275"]
[BlackElo "2177"]
[Annotator "ChessOrg"]
[PlyCount "106"]
[EventDate "1998.03.05"]
[Source "ChessBase"]
[SourceDate "1998.04.29"]

1. d4 {A40: Verschiedene (seltene) Antworten auf 1.d4} 1... g6 2. c4 Bg7 3. Nc3
f5 4. e4 {letzter Buchzug} 4... fxe4 5. Nxe4 Nf6 (5... d5 6. Nc3 dxc4 7. Nf3
$11) 6. Ng3 (6. Nxf6+ Bxf6 7. Nf3 7... c5 $11) 6... d5 7. h4 Bg4 8. f3 Be6 9.
h5 dxc4 10. h6 Bf8 11. Ne4 Qd5 12. Nc5 Nbd7 13. Qa4 a6 14. Ne2 b5 15. Qb4 Bf7
16. Nxd7 Nxd7 17. Be3 Nf6 18. a4 c6 19. Nc3 Qe6 20. Kf2 Nd5 21. Nxd5 Qxd5 (
21... cxd5 $143 22. b3 Rb8 23. Bf4 $15) 22. axb5 cxb5 23. b3 e5 (23... cxb3 $6
24. Rxa6 Rb8 25. Ra5 $14) 24. Qc3 exd4 (24... cxb3 25. Rxa6 Rxa6 26. Qc8+ Ke7
27. Bg5+ Kd6 28. Qxa6+ 28... Qc6 $14) 25. Bxd4 $11 25... O-O-O 26. Bxh8 $2 (26.
Bxc4 $142 26... Qxd4+ 27. Qxd4 Rxd4 28. Bxf7 $15) 26... Bc5+ $19 27. Ke1 Qd6
28. Be5 Bb4 29. Bxd6 Bxc3+ 30. Kf2 Bxa1 (30... Rxd6 $6 31. Rc1 Bd2 32. Be2 $17)
31. Bc5 Bd4+ (31... Rd2+ $5 32. Be2 cxb3 33. Rxa1 $19) 32. Bxd4 Rxd4 33. bxc4
Bxc4 34. Bxc4 Rxc4 (34... bxc4 $143 35. Ke3 Rd3+ 36. Ke4 $17) 35. Ke3 Kc7 36.
f4 a5 37. g4 a4 38. g5 Rc5 39. Rf1 Rf5 40. Rc1+ Kb7 41. Rd1 41... Kc7 $4 (41...
Kc6 42. Rc1+ Kb6 43. Rd1 $19) 42. Ke4 $4 (42. Rc1+ Kb6 43. Rc8 $19) 42... b4
$19 43. Rc1+ (43. Rd4 Rb5 44. f5 gxf5+ 45. Ke3 45... a3 $19) 43... Kb6 44. Rc8
a3 45. Rb8+ Kc5 (45... Ka6 46. Rd8 Rb5 47. Ra8+ Kb7 48. Rh8 $19) 46. Ra8 Kc4
47. Ra7 b3 48. Ra4+ Kc3 49. Rxa3 Rb5 50. Ra1 (50. f5 Rxf5 51. Ke3 Re5+ 52. Kf3
52... Rb5 $19) 50... b2 51. Rf1 b1=Q+ 52. Rxb1 Rxb1 53. Ke5 Rb6 (53... Rb6 54.
Ke4 Rb4+ 55. Ke3 55... Rd4 $19) (53... Rb5+ 54. Ke4 Kd2 55. Kd4 $19) 0-1

[Event "Bad Woerishofen op"]
[Site "Bad Woerishofen"]
[Date "2001.??.??"]
[Round "9"]
[White "Salvermoser, Bernd"]
[Black "Rolle, Eric"]
[Result "1-0"]
[WhiteElo "2275"]
[BlackElo "2113"]
[Annotator "ChessOrg"]
[PlyCount "57"]
[EventDate "1998.03.05"]
[Source "ChessBase"]
[SourceDate "1998.04.29"]

1. d4 {D36: Damengambit (Abtauschvariante)} 1... d5 2. c4 e6 3. Nc3 Nf6 4. cxd5
exd5 5. Bg5 Be7 6. e3 O-O 7. Bd3 Nbd7 8. Nf3 c6 9. Qc2 Re8 10. O-O Ne4 11. Bxe4
{letzter Buchzug} 11... dxe4 12. Nxe4 Bxg5 13. Nexg5 Nf8 14. Ne4 Bf5 15. Nfd2
Bg6 16. Rfe1 Qh4 17. f3 f5 (17... Nd7 18. Rac1 $14) 18. Nc5 (18. Nd6 Re6 19.
Nxf5 19... Qg5 $16) 18... f4 19. e4 b6 20. Ncb3 Rac8 (20... Re6 21. a4 $16) 21.
Nc4 Re6 22. Qf2 Qh5 23. Ne5 c5 (23... Be8 $5 $16) 24. Nd3 $18 24... Qg5 25.
dxc5 Bh5 (25... bxc5 26. Nbxc5 Rec6 27. b4 $18) 26. h4 (26. Nd4 26... Re7 $18)
26... Qe7 $6 (26... Qf6 $18) 27. Nxf4 Rh6 28. Nd4 Qe5 (28... Bg6 29. Nxg6 hxg6
30. cxb6 axb6 31. g3 $18) 29. Nd3 (29. Nd3 Qc7 30. Nf5 $18) 1-0

[Event "Bad Woerishofen op"]
[Site "Bad Woerishofen"]
[Date "2001.??.??"]
[Round "2"]
[White "Sammut Briffa, Peter"]
[Black "Haecker, Roland"]
[Result "1-0"]
[WhiteElo "2000"]
[BlackElo "1723"]
[Annotator "ChessOrg"]
[PlyCount "41"]
[EventDate "1998.03.05"]
[Source "ChessBase"]
[SourceDate "1998.04.29"]

1. e4 {B30: Sizilianisch (Rossolimo-Variante)} 1... c5 2. Nf3 Nc6 3. c4 d6 4.
d4 cxd4 5. Nxd4 g6 6. Be2 Bg7 7. Be3 Nf6 8. Nc3 8... h6 {letzter Buchzug} 9.
O-O O-O (9... Bd7 10. f3 $11) 10. Qd2 $14 10... Nxd4 11. Bxd4 (11. Qxd4 $143
11... Ng4 12. Qd3 Nxe3 13. Qxe3 13... Be6 $11) 11... Be6 12. f3 Rc8 13. b3 Qa5
14. Rfd1 Rfe8 15. Rac1 Nd7 16. Bxg7 Kxg7 17. Kh1 f5 18. Bd3 Ne5 19. exf5 Nxd3
20. f6+ 20... Kxf6 $4 21. Ne4+ $18 (21. Ne4+ Kf7 22. Qxa5 (22. Qxd3 $6 22...
Bf5 $11) 22... Nxc1 23. Rxc1 $18) (21. Qxd3 $6 21... Kg7 $11) 1-0

[Event "Bad Woerishofen op"]
[Site "Bad Woerishofen"]
[Date "2001.??.??"]
[Round "4"]
[White "Sammut Briffa, Peter"]
[Black "Schaffarth, Marianne"]
[Result "1-0"]
[WhiteElo "2000"]
[BlackElo "1789"]
[Annotator "ChessOrg"]
[PlyCount "33"]
[EventDate "1998.03.05"]
[Source "ChessBase"]
[SourceDate "1998.04.29"]

1. e4 {B01: Skandinavische Verteidigung} 1... d5 2. exd5 Nf6 3. d4 Nxd5 4. Nc3
4... Nxc3 {letzter Buchzug} 5. bxc3 e5 (5... e6 $5 $11) 6. dxe5 Qxd1+ 7. Kxd1
Nc6 8. f4 Bg4+ 9. Be2 O-O-O+ 10. Bd2 Be6 11. Nf3 Bc5 12. Bd3 Na5 13. Ke2 Rd7
14. Be3 Bxe3 15. Kxe3 Rhd8 16. Nd4 Bd5 (16... Nc4+ $5 $142 17. Kf2 17... Nb2
$14) 17. Bf5 $16 (17. Bf5 Nc4+ 18. Kf2 $18) (17. Bxh7 $6 17... g6 (17... Bxg2
$143 18. Rhg1 Rh8 19. Bf5 Rxh2 20. Bxd7+ Kxd7 21. Nf5 $16) 18. e6 18... Re7 $11
) 1-0

[Event "Bad Woerishofen op"]
[Site "Bad Woerishofen"]
[Date "2001.??.??"]
[Round "6"]
[White "Sammut Briffa, Peter"]
[Black "Seidel, Sandra"]
[Result "1/2-1/2"]
[WhiteElo "2000"]
[BlackElo "1800"]
[Annotator "ChessOrg"]
[PlyCount "82"]
[EventDate "1998.03.05"]
[Source "ChessBase"]
[SourceDate "1998.04.29"]

1. e4 {B30: Sizilianisch (Rossolimo-Variante)} 1... c5 2. Nf3 Nc6 3. c4 e5 4.
Nc3 4... g6 {letzter Buchzug} 5. g3 Bg7 6. Bg2 Nge7 7. O-O O-O 8. Nh4 d6 9. d3
Be6 10. f4 f5 (10... Qd7 11. Nf3 $11) 11. Bh3 Qd7 12. Nd5 Rf7 13. Be3 (13. fxe5
dxe5 14. Bg5 14... Re8 $11 (14... Nxd5 15. exd5 Bxd5 16. cxd5 Qxd5 17. Qf3 $14)
) 13... exf4 14. Nxf4 Bh6 15. Nhg2 Nd8 (15... Bg7 16. Nxe6 Qxe6 17. Qb3 $11)
16. Nxe6 $14 16... Bxe3+ 17. Nxe3 Qxe6 (17... Nxe6 18. exf5 Ng5 19. Bg4 gxf5
20. Bxf5 Nxf5 21. Qg4 Nxe3 22. Qxg5+ Rg7 23. Qxe3 $16) 18. Qf3 $16 18... Qe5
19. exf5 Ne6 (19... Qxb2 20. Qe4 $16) 20. Rae1 (20. Ng4 $5 20... Qd4+ 21. Kh1
Nxf5 22. Nh6+ Nxh6 23. Bxe6 23... Raf8 $18) 20... Ng5 $16 21. Qg2 Nxh3+ 22.
Qxh3 Raf8 23. Qg4 (23. fxg6 $5 23... Rxf1+ 24. Nxf1 Qd4+ 25. Ne3 Nxg6 26. Qe6+
Kh8 27. b4 $14) 23... Qxb2 (23... Nxf5 24. Nd5 Nd4 25. Nf4 $15) 24. fxg6 $14
24... Nxg6 25. Rxf7 Rxf7 26. Nf5 Kh8 27. Re8+ Nf8 28. Qe4 (28. Qg5 $5 $14)
28... Qa1+ 29. Kg2 Qb2+ 30. Kh3 Qf6 (30... Qxa2 $4 31. Qe7 Qxh2+ 32. Kxh2 Kg8
33. Rxf8+ Rxf8 34. Qg7#) 31. Ne3 Qh6+ 32. Kg2 Qf6 33. h4 $2 (33. Qd5 $11 $142)
33... Qf2+ $19 34. Kh3 Rf3 (34... Qxa2 $6 35. Nf5 Qf2 36. Nxd6 $11) 35. Rxf8+
Rxf8 36. Ng4 Qf1+ (36... Qxa2 37. Qe7 Rf1 38. Nf6 Rxf6 39. Qxf6+ Kg8 40. Qe6+
Kg7 41. Qd7+ Kg8 42. Qxb7 $14) 37. Kh2 h5 38. Qe6 38... Rf2+ $4 (38... Rf7 $142
39. Qh6+ Rh7 40. Qf6+ Qxf6 41. Nxf6 Rf7 42. Nxh5 Rf2+ 43. Kh3 43... Rxa2 $19)
39. Nxf2 $11 39... Qxf2+ 40. Kh3 Qf1+ 41. Kh2 Qf2+ 1/2-1/2

[Event "Bad Woerishofen op"]
[Site "Bad Woerishofen"]
[Date "2001.??.??"]
[Round "8"]
[White "Sammut Briffa, Peter"]
[Black "Seifert, Dierk"]
[Result "1/2-1/2"]
[WhiteElo "2000"]
[BlackElo "2168"]
[Annotator "ChessOrg"]
[PlyCount "46"]
[EventDate "1998.03.05"]
[Source "ChessBase"]
[SourceDate "1998.04.29"]

1. e4 {C01: Franzoesische Verteidigung (Abtauschvariante)} 1... e6 2. d4 d5 3.
exd5 exd5 4. Bd3 Nf6 5. Ne2 Bd6 6. O-O O-O 7. Bf4 Bg4 8. f3 Bh5 9. Nbc3 9... c6
{letzter Buchzug} 10. Qd2 Bg6 11. Bxd6 Qxd6 12. Nf4 Nbd7 13. Nxg6 hxg6 14. Ne2
Rfe8 15. Rae1 Re7 16. Ng3 Rae8 17. Rxe7 Qxe7 18. Rf2 Qe1+ 19. Qxe1 Rxe1+ 20.
Rf1 Re7 21. Kf2 Kf8 22. Re1 Rxe1 23. Kxe1 Ke7 1/2-1/2